| 000 | 01802nam a22003971i 4500 | ||
|---|---|---|---|
| 001 | ebr10777804 | ||
| 003 | CaPaEBR | ||
| 006 | m o d | ||
| 007 | cr cn||||||||| | ||
| 008 | 081008s2008 sz a ob 001 0 eng d | ||
| 020 | _z3908451612 | ||
| 020 | _a9783038132066 (e-book) | ||
| 020 | _z9783908451617 | ||
| 040 |
_aCaPaEBR _beng _erda _epn _cCaPaEBR |
||
| 035 | _a(OCoLC)868960815 | ||
| 050 | 1 | 4 |
_aQC175.16.P5 _bP465 2008eb |
| 082 | 0 | 4 |
_a530.474 _222 |
| 245 | 0 | 0 |
_aPhase transformation and diffusion / _cguest edited by G.B. Kale [and three others]. |
| 264 | 1 |
_aStafa-Zuerich : _bTrans Tech Publications, _c2008. |
|
| 300 |
_a1 online resource (157 pages) : _billustrations. |
||
| 336 |
_atext _2rdacontent |
||
| 337 |
_acomputer _2rdamedia |
||
| 338 |
_aonline resource _2rdacarrier |
||
| 440 | 0 |
_aDiffusion and defect data. _nPt. A, _pDiffusion and defect forum, _x1012-0386 ; _vv. 279 |
|
| 500 | _a"Special topic volume with invited papers only." | ||
| 504 | _aIncludes bibliographical references and indexes. | ||
| 588 | _aDescription based on print version record. | ||
| 590 | _aElectronic reproduction. Palo Alto, Calif. : ebrary, 2013. Available via World Wide Web. Access may be limited to ebrary affiliated libraries. | ||
| 650 | 0 | _aDiffusion. | |
| 650 | 0 | _aPhase transformations (Statistical physics) | |
| 655 | 0 | _aElectronic books. | |
| 700 | 1 | _aKale, G. B. | |
| 776 | 0 | 8 |
_iPrint version: _tPhase transformation and diffusion. _dStafa-Zuerich : Trans Tech Publications, 2008 _hviii, 151 pages : illustrations ; 25 cm. _kDiffusion and defect data. Pt. A, Diffusion and defect forum ; v. 279. _z9783908451617 |
| 797 | 2 | _aebrary. | |
| 856 | 4 | 0 |
_uhttp://site.ebrary.com/lib/rucke/Doc?id=10777804 _zAn electronic book accessible through the World Wide Web; click to view |
| 999 |
_c131405 _d131405 |
||